L'histoire racontée par les chaussettes : Hitler - Statistiques

Statistiques générales
  • Ce quiz a été pris 246 fois
  • Le résultat moyen est 183 sur 496
Statistiques - réponses
% Correct
le
77%
A
69%
a
69%
Ich
69%
me
69%
les
65%
pommes
62%
pommes,
62%
Je
61%
je
61%
liebe
59%
Mein
59%
mein
59%
mein...
59%
poires
57%
de
56%
de...
56%
ne
56%
Ne
56%
Ja
55%
Ja.
55%
Ca
54%
ça ?
54%
ma
53%
pas
52%
pas.
52%
végétarien.
52%
végétarien
52%
Végétarien :
52%
Et
50%
et
50%
la
50%
La
50%
suis
49%
un
48%
vous
48%
Vous
48%
Fuhrer
47%
Fuhrer.
47%
tartare
44%
Tout
44%
tout
44%
fraises
43%
Nein
43%
tard
42%
ce
41%
mon
41%
viande
41%
des
40%
pour
40%
que.
40%
que
40%
Gunter ?
39%
Gunter.
39%
plus
39%
j'ai
38%
J'ai
38%
bleu
37%
raviolis
37%
tu
37%
salsifis
36%
ai
35%
garde
35%
J'en
35%
j'en
35%
légumes
35%
vert
35%
chanson
34%
chanson !
34%
On
34%
petit
34%
qui
34%
canard
33%
dit
33%
en
33%
jaune
33%
méchant.
33%
moustache.
33%
noirs.
33%
mais
32%
Mais
32%
32%
C'est
31%
monde
31%
si
30%
Si
30%
Non
29%
part
29%
tellement
29%
cloporte
28%
dire
28%
j'aime
28%
J'aime
28%
trouve
28%
chiens
27%
Est
27%
est
27%
sauf
27%
une
27%
aime
26%
aimé
26%
Il
26%
il
26%
rime
26%
votre
26%
tache
25%
veau
25%
voulais
25%
carottes
24%
haine.
24%
parle
24%
veux
24%
Was
24%
cul
23%
lèche
23%
plein
23%
as
22%
Bergers
22%
sais
22%
vrai,
22%
vrai ?
22%
y
22%
alors ?
21%
Alors
21%
blague
21%
chats
21%
peinture.
21%
allemands
20%
animaux
20%
aussi
20%
Bavière
20%
catégorie
20%
champ
20%
D'ailleurs
20%
faire
20%
lexical
20%
petits
20%
Qu'est
20%
qu'est
20%
sont
20%
avis
19%
mal.
19%
mal
19%
parler
19%
rote
19%
steak
19%
arrêtez
18%
édredons
18%
joyeux ?
18%
lécher
18%
maîtresse.
18%
Maman
18%
mot,
18%
rend
18%
tous
18%
dans
17%
peux
17%
pois
17%
fifi
16%
maîtrise
16%
Oui
16%
pardon.
16%
prends
16%
répèter
16%
aryen,
15%
aryen
15%
aryen.
15%
ici.
15%
n'aime
15%
nourriture
15%
beaucoup
14%
êtes
14%
Moi
14%
plaisanteries
14%
reprend ?
14%
train
14%
Adolf
13%
d'insinuer
13%
mange
13%
quel
13%
rien
13%
aliments
12%
important ?
12%
important
12%
m'apporter
12%
quelqu'un
12%
souhaite
12%
aux
11%
Bien
11%
Drei
11%
éléments
11%
principal
11%
aimez ?
10%
c'était
10%
C'était
10%
C'etait
10%
comprends
10%
Das
10%
extérieurs
10%
ferme !
10%
meine
10%
peut-être
10%
Peut-être
10%
préfère
10%
Regarde
10%
sur
10%
compris.
9%
ist
9%
n'êtes
8%
n'etes
8%
simple
8%
aryens.
7%
chez
7%
deux
7%
donc ?
7%
gens
7%
humains
7%
Sheiße !
7%
Vier
7%
complètement
5%
D'accord.
5%
d'accord
5%
mieux.
5%
n'avait
5%
présenter
5%
Tant
5%
Absolument
4%
minutes
4%
bêtes
3%
découpe.
3%
l'acrylique...
3%
l'ai
3%
J'explique ?
2%
n'importe
2%
Juste
1%
m'impatiente.
1%
Ok
1%
formidable !
0%
Aucun quiz correspondant
Distribution des résultats
% des personnes avec chaque résultat
Percentile par nombre de réponses
Votre historique - résultats
Vous n’avez pas pris ce quiz